Quản trị tài chính : Tài liệu hướng dẫn học tập

Giới thiệu khái quát về quản trị tài chính, phân tích báo cáo tài chính, giá trị thời gian của tiền tệ, định giá trái phiếu và cổ phiếu,...

محفوظ في:
التفاصيل البيبلوغرافية
المؤلف الرئيسي: Trương, Đông Lộc
التنسيق: كتاب
اللغة:Undetermined
منشور في: Cần Thơ Nxb. Đại học Cần Thơ 2013
الموضوعات:
الوسوم: إضافة وسم
لا توجد وسوم, كن أول من يضع وسما على هذه التسجيلة!
Thư viện lưu trữ: Trung tâm Học liệu Trường Đại học Cần Thơ
LEADER 00871nam a2200217Ia 4500
001 CTU_229434
008 210402s9999 xx 000 0 und d
082 |a 658.15 
082 |b L451 
100 |a Trương, Đông Lộc 
245 0 |a Quản trị tài chính : 
245 0 |b Tài liệu hướng dẫn học tập 
245 0 |c Trương Đông Lộc (Biên soạn) 
260 |a Cần Thơ 
260 |b Nxb. Đại học Cần Thơ 
260 |c 2013 
520 |a Giới thiệu khái quát về quản trị tài chính, phân tích báo cáo tài chính, giá trị thời gian của tiền tệ, định giá trái phiếu và cổ phiếu,... 
650 |a Tài chính,Finance 
650 |x Quản lý,Management 
910 |b nthai 
980 |a Trung tâm Học liệu Trường Đại học Cần Thơ